000 00657nam a22002057a 4500
999 _c18876
_d18876
003 AR-CdUCM
008 190306b ||||| |||| 00| 0 spa d
040 _aMUNICIPALIDAD PROVINCIAL DEL CUSCO
_cBIBLIOTECA MUNICIPAL DEL CUSCO
082 _a828.77 /
_bSC31
_22ed
100 _aScott, Walter
_911249
245 _aEl anticuario /
260 _aBuenos aires :
_bEditorial sopena,
_c1950.
300 _a238 paginas ;
_c23 cm.
505 _aContenido : El anticuario.
650 _aValores en la literatura
_911250
650 _aComprensión de lectura
_93320
650 _aLiteratura contemporánea
_9759
942 _2ddc
_cLIBROS
945 _adavv
_d2019-05-15